The Specifics of Risk Management in Tourism SMEs From the Point of View of Human Resources

Špecifiká riadenia rizík v MSP v cestovnom ruchu z pohľadu ľudských zdrojov. Aspekt ľudských zdrojov ako zodpovednosť za riadenie rizík. Dotazníkový prieskum medzi 531 slovenskými MSP v cestovnom ruchu.

Salvato in:
Dettagli Bibliografici
Autore principale: Havierniková, Katarína
Natura: Capitolo di libro
Lingua:inglese
Soggetti:
Tags: Aggiungi Tag
Nessun Tag, puoi essere il primo ad aggiungerne!!

MARC

LEADER 00000naa a2200000 4500
001 0283878
005 20240417075206.3
041 0 |a eng 
044 |a SK 
245 1 0 |a The Specifics of Risk Management in Tourism SMEs From the Point of View of Human Resources  |c Katarína Havierniková 
520 |a Špecifiká riadenia rizík v MSP v cestovnom ruchu z pohľadu ľudských zdrojov. Aspekt ľudských zdrojov ako zodpovednosť za riadenie rizík. Dotazníkový prieskum medzi 531 slovenskými MSP v cestovnom ruchu. 
610 2 0 |a podnik malý 
610 2 0 |a podnik stredný 
610 2 0 |a riadenie rizík 
610 2 0 |a zdroje ľudské 
610 2 0 |a Slovensko 
100 1 |a Havierniková, Katarína